02562cgm a22004097a 45000010009000000050017000090070010000260080041000360100017000770350023000940400031001170420014001480500028001620820021001902450261002112600054004723000056005265000269005825000107008515080123009585200371010815380111014525460137015636500020017006510017017206550022017376550018017597000023017777000028018007100072018289420026019009990017019263360026019433370028019693380027019979520128020241262312120240227093613.0vf|c|ahu|011217s1990 xxu042 e vceng d a 2001646818 a(OCoLC)ocm42497092 aWaMaScOEMdDLCeamimdDLC alccopycat00aVAD 9887 (viewing copy) a910.222222bPLA00aBlue Planeth[videorecording] /cproduced by Graeme Ferguson ; written, edited and narrated by Toni Myers; principal director Ben Burtt; Lockheed Corporation., United States. National Aeronautics and Space Administration. and National Air and Space Museum. aBurbank, CA : bWarner Home Video, [2001]c[2001] a1 videodisc (ca. 41 min.) :bsd., col. ;c4 3/4 in. a Title from videodisc. Originally released as an IMAX motion picture in 1990. "A presentation of the Smithsonian Institution's National Air and Space Museum and Lockheed Corporation in association with the National Aeronautics and Space Admnistration"--Container. aLanguages : English, Spanish, French, German, Dutch with subtitles English, French, Greek, Hungarian.  aFilmed in space by the astronauts ; Associate producer Phyllis Ferguson ; Music by Micky Erbe and Maribeth Solomon.  aView Earth from space. Orbiting 200 miles above Earth's surface, see familiar landforms: the majestic Himalayas, giant Namib desert sand dunes, jewel-like Caribbean islands. From this unique vantage point see how natural forces - volcanoes, earthquakes and hurricanes - affect our planet, and how a powerful new force - mankind, has begun to alter the face of Earth. aDVD, region 1, full screen (1.33:1) presentation; Dolby Digital 5.1 surround.; Filmed in 70MM IMAX format. anglish, with optional French soundtrack; optional subtitles in English, French, Spanish and Portugese. Closed captioned.  0aEcology.911195 0aEarth914151 7aDocumentary films 7aScience films 914148aMyers, Toni 914149aFerguson, Graeme2 aUnited States914147bNational Aeronautics and Space Administration 2ddccCDVDMOVhRDA-MOD c10302d10302 2rdacontentatextbtxt aunmediated2rdamediabn avolumebnc2rdacarrier 00102ddc4070aMAINbMAINc2NDd2008-11-17ePurchasel4o910.222 PLAp000014241r2022-08-24 00:00:00s2011-10-04yCDVDMOV